000 01738nam1a2200325 i 4500
001 RU\NLR\bibl\1895404
005 20260407084502.0
035 _a(NLR Aleph) 001885068
090 _a2843091
_c2843091
100 _a20120420g20099999u y0rusy50 ca
101 0 _arus
102 _aRU
105 _a||||z |||||
200 1 _aЛыжней Андрея
_e[возобновление традиции лыжных гонок]
_fАссамблея представителей корен. малочисл. народов Севера Думы Ханты-Манс. автоном. округа - Югры, Администрация с. п. Саранпуль Березов. р-на, Центр спорт. плдгот. "Этнос"
_g[сост.: Т.С. Гоголева, Е.В. Фризоргер]
210 _aХанты-Мансийск
_cПолиграфист
_d2009
215 _d21
225 1 _aИз серии "Звезды спорта коренной Югры"
463 0 _10011654404
600 1 _aХатанев
_bА.Я.
_f1936 - 1981
_gАндрей Яковлевич
_92101434
_3RU\NLR\auth\661574499
686 _aЧ517.156.3(2)7-8Хатанев
702 1 _aГоголева
_bТ. С.
_gТатьяна Степановна
_4220
702 1 _aХатанев
_bА. Я.
_f1936-1981
_gАндрей Яковлевич
_4570
712 0 2 _4070
_aАссамблея представителей коренных малочисленных народов Севера
_cХанты-Мансийск
_3RU\NLR\AUTH\8810045520
_9590522
801 0 _aRU
_bNLR
_c20120420
_gRCR
801 1 _aRU
_bNLR
_c20120420
830 _aлица по кн.
852 _aNLR
_j2010-4/9607
942 _cBOOK